000 00397nam a2200145Ia 4500
008 210210b1976 xxu||||| |||| 00| 0 eng d
082 _a330.122 LEEC
100 _aLEEMAN (Wayne A). Ed.
245 _aCapitalism market socialism and central planning.
260 _aDelhi
_bKhosla and Company
_c1976
300 _axi,372
650 _aCapitalism Socialism
690 _aEconomics
906 _a034988
999 _c85804
_d85804